Формирование износостойких покрытий вневакуумной электронно-лучевой наплавкой карбида вольфрама и последующей термической обработкой; Известия Томского политехнического университета [Известия ТПУ]; Т. 323, № 2 : Математика и механика. Физика

Bibliografske podrobnosti
Parent link:Известия Томского политехнического университета [Известия ТПУ]/ Томский политехнический университет (ТПУ).— , 2000-
Т. 323, № 2 : Математика и механика. Физика.— 2013.— [С. 108-110]
Drugi avtorji: Полетика И. М. Ирина Михайловна, Крылова Т. А. Татьяна Александровна, Тетюцкая М. В. Марина Владимировна, Макаров С. А. Семен Александрович
Izvleček:Заглавие с титульного листа
Электронная версия печатной публикации
Наплавкой на ускорителе ЭЛВ-6 порошка карбида вольфрама на низкоуглеродистую сталь получены покрытия с повышенной твердостью, но низкой износостойкостью. С целью увеличения износостойкости проведены эксперименты по влиянию термической обработки на структуру и свойства покрытий, наплавленных карбидом вольфрама.
Hardened coatings of low wear resistance were obtained by surfacing tungsten carbide powder on low-carbon steel at accelerator ELV-6. To increase wear resistance the authors have carried out the experiments on thermal treatment influence on structure and features of the coatings surfaced with tungsten carbide.
Jezik:ruščina
Izdano: 2013
Serija:Физика
Teme:
Online dostop:http://earchive.tpu.ru/bitstream/11683/4957/1/bulletin_tpu-2013-323-2-24.pdf
Format: MixedMaterials Elektronski Book Chapter
KOHA link:https://koha.lib.tpu.ru/cgi-bin/koha/opac-detail.pl?biblionumber=244319

MARC

LEADER 00000nla2a2200000 4500
001 244319
005 20231031210823.0
035 |a (RuTPU)RU\TPU\book\265702 
035 |a RU\TPU\book\265699 
090 |a 244319 
100 |a 20131021d2013 k y0rusy50 ca 
101 0 |a rus 
102 |a RU 
135 |a drnn ---uucaa 
181 0 |a i  
182 0 |a b 
200 1 |a Формирование износостойких покрытий вневакуумной электронно-лучевой наплавкой карбида вольфрама и последующей термической обработкой  |b Электронный ресурс  |f И. М. Полетика [и др.] 
203 |a Текст  |c электронный 
215 |a 1 файл (1.4 Мб) 
225 1 |a Физика 
230 |a Электронные текстовые данные (1 файл : 1.4 Мб) 
300 |a Заглавие с титульного листа 
300 |a Электронная версия печатной публикации 
320 |a [Библиогр.: с. 110 (5 назв.)] 
330 |a Наплавкой на ускорителе ЭЛВ-6 порошка карбида вольфрама на низкоуглеродистую сталь получены покрытия с повышенной твердостью, но низкой износостойкостью. С целью увеличения износостойкости проведены эксперименты по влиянию термической обработки на структуру и свойства покрытий, наплавленных карбидом вольфрама. 
330 |a Hardened coatings of low wear resistance were obtained by surfacing tungsten carbide powder on low-carbon steel at accelerator ELV-6. To increase wear resistance the authors have carried out the experiments on thermal treatment influence on structure and features of the coatings surfaced with tungsten carbide. 
337 |a Adobe Reader 
453 |t Formation of wear-resistance coatings by off-vacuum electron-beam tungsten carbide surfacing and further heat treatment  |o translation from Russian  |f I. M. Poletika [et al.]  |c Tomsk  |n TPU Press  |d 2013 
461 1 |0 (RuTPU)RU\TPU\book\176237  |t Известия Томского политехнического университета [Известия ТПУ]  |f Томский политехнический университет (ТПУ)  |d 2000- 
463 1 |0 (RuTPU)RU\TPU\book\265409  |x 1684-8519  |t Т. 323, № 2 : Математика и механика. Физика  |v [С. 108-110]  |d 2013  |p 223 с. 
610 1 |a релятивистские электроны 
610 1 |a пучки электронов 
610 1 |a наплавка 
610 1 |a структура 
610 1 |a термическая обработка 
610 1 |a твердость 
610 1 |a износостойкость 
610 1 |a электронный ресурс 
610 |a relativistic electron beam 
610 |a surfacing 
610 |a structure 
610 |a heat treatment 
610 |a hardness 
610 |a wear resistance 
701 1 |a Полетика  |b И. М.  |g Ирина Михайловна 
701 1 |a Крылова  |b Т. А.  |g Татьяна Александровна 
701 1 |a Тетюцкая  |b М. В.  |g Марина Владимировна 
701 1 |a Макаров  |b С. А.  |g Семен Александрович 
801 1 |a RU  |b 63413507  |c 20090623  |g PSBO 
801 2 |a RU  |b 63413507  |c 20190517  |g PSBO 
856 4 |u http://earchive.tpu.ru/bitstream/11683/4957/1/bulletin_tpu-2013-323-2-24.pdf 
942 |c CF